000 00942nam a2200265Ia 4500
003 OSt
005 20220923211114.0
006 a|||||r|||| 00| 0
007 ta
008 220922b |||||||| |||| 00| 0 hin d
020 _a8181432622 (hbk)
_c95
024 _a282,887
037 _b321, 10/01/2015, Vani Prakashan
_cTextual
040 _aARTS
_cARTS
_bhin
041 _2hin
_ahin
082 _aO152,1N41:g, P4
100 _aधर्मवीर
_9156280
245 0 _aअशोक बनाम वाजपेयी अशोक वाजपेयी
246 _aAshok banām vājapeyī ashok vājapeyī
260 _aनयी दिल्ली
_b वाणी प्रकाशन
_c2004
300 _a65पृ.
_ccm.
650 _aहिन्दी साहित्य
_9156264
942 _hO152,1N41:g, P4
_cTEXL
_2CC
999 _c295312
_d295312